| 000 | 00876nam a2200217Ia 4500 | ||
|---|---|---|---|
| 003 | GCL | ||
| 008 | 140319s9999 xx 000 0 ara d | ||
| 040 |
_aGCL / _cGCL |
||
| 082 | 0 | 4 |
_a320.54095694 _bع ف |
| 100 | 1 | _aعبدالله الاشعل | |
| 245 | 1 | 0 |
_aالفكر الصهيونى فى مذكرات اينشتاين واريل شارون / _cعبدالله الاشعل |
| 260 |
_aالقاهرة : _bمؤسسة الطوبجى للتجارة والطباعة والنشر ، _c2003 |
||
| 300 |
_a259 ص ؛ _c24 سم |
||
| 650 | 0 | 4 | _aالنزاع العربى الاسرائيلى |
| 650 | 0 | 4 | _aالقضية الفلسطينية |
| 650 | 0 | 4 | _aالصهيونية |
| 650 | 0 | 4 | _aحرب الاستنزاف |
| 650 | 0 | 4 | _aحرب اكتوبر 1973 |
| 650 | 0 | 4 | _aفلسطين - تاريخ - العصر الحديث - الاحتلال الصهيونى |
| 942 |
_2ddc _cBK |
||
| 999 |
_c32402 _d32402 |
||